Contabilidad de Costo T.1 : Principios y práctica

Bibliographic Details
Main Author: Neuner, John J. W.
Format: Section = Libro
Language:Undetermined
Spanish
Published: México UTEHA 1982
Subjects:
LEADER 00555nam a2200193Ia 4500
008 240829s9999 xx 000 0 und d
020 |a 968-18-4169-7 
040 |a BIBLIOTECA-RUPAP 657.42 N494 
041 |a spa 
082 |a 657.42 N494 
100 1 |a Neuner, John J. W. 
245 1 0 |a Contabilidad de Costo T.1 : Principios y práctica 
260 |a México  |b UTEHA  |c 1982 
300 |a 824 p. :il. 
650 7 |a CONTABILIDAD DE COSTO 
650 7 |b  COSTO DE PRODUCCION. I. Deakin III, Edward, coaut. II. Tít. 
942 |c BK  |2 ddc 
991 |a TEXTO 
999 |c 9763